Повість минулих літ (Запис № 17304)

000 -Маркер запису
Контрольне поле сталої довжини 02050nam a22002537a 4500
003 - Належність контрольного номера
Контрольне поле Uzh_bibl
008 - Кодовані дані
Контрольне поле сталої довжини 260409b |||||||| |||| 00| 0 ukr d
020 ## - Індекс ISBN
Ціна 21.00
040 ## - Джерело каталогіз.
Служба первин.кат. укр.
041 ## - Код мови видання
Код мови оригіналу українська
Код мови тексту українська
080 ## - Індекс УДК
Індекс УДК 821(477)
090 ## - Шифри
Поличний індекс 821(477)
Авторський знак П 42
100 ## - Автор
Автор .
245 ## - Назва
Назва Повість минулих літ
Відповідальність Наук. керів. вид. Д.С. Лихачов; Переказ В. Близнеця; Худож. Г. Якутович; Післям. П. Загребельного
Фізичний носій Текст
260 ## - Вихідні дані
Місце видання Київ
Видавництво Веселка
Дата видання 1989
300 ## - Фізичний опис
Обсяг 221 с.
Тип одиниці В опр.
520 ## - Анотація
Анотація Один із найдавніших літописів, створений на межі XI-XII століть. Він є не лише цінним джерелом історії Київської Русі, але й видатним літературним пам’ятником.<br/>Переказ українською для читачів шкільного віку – Віктора Близнеця. Під науковим керівництвом академіка Д. С. Ліхачова.<br/>Видання прикрашають атмосферні ілюстрації відомого художника Георгія Якутовича.
521 ## - Примітка про цільове призначення
Примітка про цільове призначення Для старшого шкільного віку
546 ## - Примітка про мову
Примітка про мову укр.
650 ## - Тематичні рубрики
Основна рубрика Літературно-художнє видання
Хронологічна підрубрика Час дії — від біблійних часів і давніх легендарних епох до початку XII століття (приблизно до 1110–1113 рр.)
Географічна підрубрика Події охоплюють східнослов’янські землі (переважно Київську Русь) та частково інші регіони Європи й Візантії
653 ## - Ключові слова
Ключові слова Київська Русь
-- Історія
-- Літопис
-- Князі
-- Хрещення
655 ## - Термін індексування — жанр/форма
Жанр/форма Літопис, історико-хронікальний твір
Типове ділення Літопис
942 ## - ADDED ENTRY ELEMENTS (KOHA)
Джерело класифікації чи схема поличного розташування
Koha item type Книги
Фонди
Статус вилучення Статус втрати/відсутності Джерело класифікації чи схема поличного розташування Статус пошкодження Тип обігу (не для випозичання) Постійне розташування Поточне розташування Розташування у відділі Дата надходження Інвентарний номер Total Checkouts Повний (примірниковий) шифр зберігання Штрих-код Date last seen Дата, для якої чинна ціна заміни Тип одиниці (рівень примірника)
          Публічна бібліотека Публічна бібліотека Абонемент 09/04/2026 64583   821(477) 20146 09/04/2026 09/04/2026 Книги

Працює на АБІС Коха